000
00269nam a22001097a 4500
040
_c
SK
082
_a
338
100
_a
ជួង សុផល
245
_a
Agricultural statistic; ស្ថិតិកសិកម្ម
260
_a
RUA
_b
ជួង
_c
2008
942
_c
KB
999
_c
10262
_d
10262